| 000 | 00672 a2200193 4500 | ||
|---|---|---|---|
| 001 | 59482 | ||
| 005 | 20260407155849.0 | ||
| 008 | 260407a1973 arg spa d | ||
| 003 | AR-UNSa-BCEJYS | ||
| 040 |
_aAR-UNSa-BCEJYS _bspa _cAR-UNSa-BCEJYS |
||
| 080 |
_a330.34(7/8) _xDesarrollo Económico de América Latina |
||
| 245 | 1 | 0 |
_aDesarrollo latinoamericano _penfoque teorico, operativo y por sectores |
| 264 | 1 |
_aMéxico : _bDiana _c1973 |
|
| 300 |
_a283 p. _c21 cm. |
||
| 505 | _a1. Introducción - 2. Enfoque teórico - 3. Enfoque por sectores - 4. Enfoque de operaciones - | ||
| 942 | _cBK | ||
| 590 | _aniveau_biblio:m niveau_hierar:0 | ||
| 100 | 1 | _aWinnie, William W. | |
| 999 |
_c6702 _d6702 |
||